000 00811nam a2200265 i 4500
001 104019
003 ES-MaACL
005 20230906183507.0
007 t|
008 051122s1967 sp ||||1| spa d
080 _a32(495)"1950/..."
100 1 _aMeynaud, Jean.
_980816
245 1 3 _aLa democracia en Grecia /
_cJean Meynaud ; [traducción de Julián Marcos y Jaime Maestro].
250 _a1ª ed.
260 _aMadrid :
_bCid,
_c1967.
300 _a680 p., 21 p. ;
_c20 cm.
490 1 _aColección "Vortice" ;
_v39
650 4 _aDemocracia-
_zGrecia.
_911569
651 4 _aGrecia-
_xHistoria-
_yS.XX.
_98784
700 1 _aMarcos, Julián.
_976510
700 1 _aMaestro, Jaime.
_975406
830 1 _aColección "Vortice" ;
_v39
_9183888
852 _aES-MaACL
_jC-33302
999 _c104019
_d104019